[Event "English Schools Championship Final 2024"]
[Site "Nottingham University Kings Meadow Campus, United Kingdom"]
[Date "2024.06.28"]
[Round "4.41"]
[White "McCauley, Rohan Gb"]
[Black "Clery, Liam"]
[Result "1-0"]
[TimeControl "G50' + 10\" per move."]
[WhiteFideId "457728"]
[BlackFideId "343402879"]
[WhiteElo "1614"]
[BlackElo "1797"]

1. d4 {[%clk 00:50:15]} {[%emt 00:00:05]} Nf6 {[%clk 00:50:06]} {[%emt
00:00:15]} 2. Nc3 {[%clk 00:50:18]} {[%emt 00:00:06]} d5 {[%clk 00:49:32]}
{[%emt 00:00:44]} 3. Bf4 {[%clk 00:50:19]} {[%emt 00:00:09]} c5 {[%clk
00:49:24]} {[%emt 00:00:19]} 4. e3 {[%clk 00:50:11]} {[%emt 00:00:17]} a6
{[%clk 00:48:26]} {[%emt 00:01:09]} 5. dxc5 {[%clk 00:48:05]} {[%emt 00:02:15]}
Nc6 {[%clk 00:48:21]} {[%emt 00:00:15]} 6. a3 {[%clk 00:47:48]} {[%emt
00:00:27]} h6 {[%clk 00:45:33]} {[%emt 00:02:58]} 7. b4 {[%clk 00:44:53]}
{[%emt 00:03:05]} e5 {[%clk 00:45:17]} {[%emt 00:00:26]} 8. Bg3 {[%clk
00:44:51]} {[%emt 00:00:12]} Be7 {[%clk 00:40:54]} {[%emt 00:04:33]} 9. Be2
{[%clk 00:40:27]} {[%emt 00:04:34]} Be6 {[%clk 00:35:03]} {[%emt 00:06:00]} 10.
Nf3 {[%clk 00:35:23]} {[%emt 00:05:14]} Qc7 {[%clk 00:34:56]} {[%emt 00:00:18]}
11. Nd4 {[%clk 00:25:35]} {[%emt 00:09:58]} O-O {[%clk 00:28:31]} {[%emt
00:06:36]} 12. O-O {[%clk 00:22:37]} {[%emt 00:03:07]} Rfd8 {[%clk 00:26:43]}
{[%emt 00:01:58]} 13. Bd3 {[%clk 00:14:54]} {[%emt 00:07:53]} Bg4 {[%clk
00:19:53]} {[%emt 00:07:00]} 14. Be2 {[%clk 00:14:56]} {[%emt 00:00:09]} Be6
{[%clk 00:19:32]} {[%emt 00:00:30]} 15. Bf3 {[%clk 00:10:29]} {[%emt 00:04:35]}
Bc8 {[%clk 00:15:08]} {[%emt 00:04:36]} 16. h3 {[%clk 00:08:39]} {[%emt
00:02:00]} Ne4 {[%clk 00:11:56]} {[%emt 00:03:22]} 17. Nxe4 {[%clk 00:06:42]}
{[%emt 00:02:07]} dxe4 {[%clk 00:12:04]} {[%emt 00:00:02]} 18. Bxe4 {[%clk
00:05:54]} {[%emt 00:00:58]} f5 {[%clk 00:11:40]} {[%emt 00:00:35]} 19. Bd3
{[%clk 00:05:02]} {[%emt 00:01:01]} Nxd4 {[%clk 00:10:13]} {[%emt 00:01:37]} 20.
exd4 {[%clk 00:04:56]} {[%emt 00:00:16]} Rxd4 {[%clk 00:09:17]} {[%emt
00:01:06]} 21. Bc4+ {[%clk 00:04:18]} {[%emt 00:00:48]} Kh7 {[%clk 00:07:50]}
{[%emt 00:01:38]} 22. Qxd4 {[%clk 00:04:19]} {[%emt 00:00:09]} f4 {[%clk
00:06:19]} {[%emt 00:01:40]} 23. Qe4+ {[%clk 00:04:16]} {[%emt 00:00:13]} g6
{[%clk 00:06:28]} {[%emt 00:00:02]} 24. Qd5 {[%clk 00:03:40]} {[%emt 00:00:46]}
Bf5 {[%clk 00:06:06]} {[%emt 00:00:32]} 25. Qf7+ {[%clk 00:03:06]} {[%emt
00:00:43]} Kh8 {[%clk 00:06:14]} {[%emt 00:00:02]} 26. Bh4 {[%clk 00:01:48]}
{[%emt 00:01:28]} g5 {[%clk 00:04:38]} {[%emt 00:01:47]} 27. Qxf5 {[%clk
00:01:53]} {[%emt 00:00:05]} gxh4 {[%clk 00:04:41]} {[%emt 00:00:06]} 28. Rfe1
{[%clk 00:01:45]} {[%emt 00:00:18]} 1-0

[Event "English Schools Championship Final 2024"]
[Site "Nottingham University Kings Meadow Campus, United Kingdom"]
[Date "2024.06.28"]
[Round "4.42"]
[White "Saggi, Vedaant"]
[Black "Guo, Jintian J"]
[Result "0-1"]
[TimeControl "G50' + 10\" per move."]
[WhiteFideId "343415768"]
[BlackFideId "481742"]
[WhiteElo "1517"]
[BlackElo "1614"]

1. d4 {[%clk 00:50:10]} {[%emt 00:00:11]} Nf6 {[%clk 00:50:13]} {[%emt
00:00:07]} 2. Nf3 {[%clk 00:50:07]} {[%emt 00:00:13]} g6 {[%clk 00:50:13]}
{[%emt 00:00:09]} 3. c4 {[%clk 00:50:07]} {[%emt 00:00:10]} Bg7 {[%clk
00:50:15]} {[%emt 00:00:08]} 4. Nc3 {[%clk 00:50:08]} {[%emt 00:00:09]} d6
{[%clk 00:50:10]} {[%emt 00:00:15]} 5. e4 {[%clk 00:49:49]} {[%emt 00:00:30]}
O-O {[%clk 00:49:57]} {[%emt 00:00:23]} 6. Be2 {[%clk 00:49:42]} {[%emt
00:00:16]} Nbd7 {[%clk 00:49:45]} {[%emt 00:00:22]} 7. O-O {[%clk 00:49:32]}
{[%emt 00:00:21]} e5 {[%clk 00:49:33]} {[%emt 00:00:22]} 8. dxe5 {[%clk
00:48:48]} {[%emt 00:00:54]} Nxe5 {[%clk 00:48:46]} {[%emt 00:00:56]} 9. Nxe5
{[%clk 00:48:31]} {[%emt 00:00:28]} dxe5 {[%clk 00:48:43]} {[%emt 00:00:13]} 10.
Be3 {[%clk 00:47:57]} {[%emt 00:00:43]} b6 {[%clk 00:41:48]} {[%emt 00:07:06]}
11. f3 {[%clk 00:47:07]} {[%emt 00:00:59]} Bb7 {[%clk 00:41:31]} {[%emt
00:00:27]} 12. Rc1 {[%clk 00:46:12]} {[%emt 00:01:05]} c5 {[%clk 00:39:15]}
{[%emt 00:02:26]} 13. Nd5 {[%clk 00:45:26]} {[%emt 00:00:56]} Rc8 {[%clk
00:36:20]} {[%emt 00:03:05]} 14. Qd2 {[%clk 00:37:01]} {[%emt 00:08:36]} Nxd5
{[%clk 00:33:13]} {[%emt 00:03:16]} 15. cxd5 {[%clk 00:36:57]} {[%emt
00:00:13]} Qd6 {[%clk 00:32:50]} {[%emt 00:00:33]} 16. Bh6 {[%clk 00:36:06]}
{[%emt 00:01:01]} f5 {[%clk 00:31:01]} {[%emt 00:02:00]} 17. Bxg7 {[%clk
00:35:00]} {[%emt 00:01:16]} Kxg7 {[%clk 00:31:03]} {[%emt 00:00:09]} 18. Rcd1
{[%clk 00:32:46]} {[%emt 00:02:24]} f4 {[%clk 00:29:35]} {[%emt 00:01:37]} 19.
Qc3 {[%clk 00:31:02]} {[%emt 00:01:54]} g5 {[%clk 00:28:34]} {[%emt 00:01:12]}
20. h3 {[%clk 00:28:45]} {[%emt 00:02:26]} h5 {[%clk 00:26:27]} {[%emt
00:02:18]} 21. b3 {[%clk 00:27:53]} {[%emt 00:01:01]} Rg8 {[%clk 00:25:36]}
{[%emt 00:01:01]} 22. Kf2 {[%clk 00:26:47]} {[%emt 00:01:15]} Kh8 {[%clk
00:24:44]} {[%emt 00:01:03]} 23. g4 {[%clk 00:26:29]} {[%emt 00:00:28]} fxg3+
{[%clk 00:24:19]} {[%emt 00:00:36]} 24. Kxg3 {[%clk 00:26:27]} {[%emt
00:00:11]} Rcf8 {[%clk 00:21:24]} {[%emt 00:03:05]} 25. Qe3 {[%clk 00:25:50]}
{[%emt 00:00:47]} Rf4 {[%clk 00:20:47]} {[%emt 00:00:48]} 26. Rh1 {[%clk
00:24:14]} {[%emt 00:01:46]} Bc8 {[%clk 00:18:43]} {[%emt 00:02:13]} 27. Rdg1
{[%clk 00:23:51]} {[%emt 00:00:33]} Qf6 {[%clk 00:17:56]} {[%emt 00:00:57]} 28.
a4 {[%clk 00:18:55]} {[%emt 00:05:06]} Rg7 {[%clk 00:17:46]} {[%emt 00:00:22]}
29. Bd1 {[%clk 00:18:01]} {[%emt 00:01:02]} Kg8 {[%clk 00:17:37]} {[%emt
00:00:20]} 30. Qd3 {[%clk 00:14:42]} {[%emt 00:03:28]} g4 {[%clk 00:16:57]}
{[%emt 00:00:51]} 31. hxg4 {[%clk 00:13:30]} {[%emt 00:01:21]} hxg4 {[%clk
00:16:35]} {[%emt 00:00:32]} 32. d6 {[%clk 00:11:44]} {[%emt 00:01:56]} gxf3+
{[%clk 00:15:55]} {[%emt 00:00:51]} 33. Kf2 {[%clk 00:11:20]} {[%emt 00:00:33]}
Rxg1 {[%clk 00:10:19]} {[%emt 00:05:46]} 34. Rxg1+ {[%clk 00:08:37]} {[%emt
00:02:53]} Kf8 {[%clk 00:10:19]} {[%emt 00:00:09]} 35. d7 {[%clk 00:08:34]}
{[%emt 00:00:14]} Qh4+ {[%clk 00:10:08]} {[%emt 00:00:21]} 36. Ke3 {[%clk
00:08:34]} {[%emt 00:00:09]} Bxd7 {[%clk 00:10:00]} {[%emt 00:00:19]} 37. Qxd7
{[%clk 00:08:35]} {[%emt 00:00:10]} Rxe4+ {[%clk 00:10:00]} {[%emt 00:00:10]}
38. Kxf3 {[%clk 00:07:30]} {[%emt 00:01:14]} Rf4+ {[%clk 00:09:41]} {[%emt
00:00:29]} 39. Kg2 {[%clk 00:07:19]} {[%emt 00:00:21]} Qf2+ {[%clk 00:09:39]}
{[%emt 00:00:12]} 0-1

[Event "English Schools Championship Final 2024"]
[Site "Nottingham University Kings Meadow Campus, United Kingdom"]
[Date "2024.06.28"]
[Round "4.43"]
[White "Kukreja, Karan"]
[Black "Mesropyan, Hayk"]
[Result "1-0"]
[TimeControl "G50' + 10\" per move."]
[WhiteFideId "458821"]
[BlackFideId "499455"]
[WhiteElo "1917"]
[BlackElo "2066"]

1. d4 {[%clk 00:50:20]} {[%emt 00:59:32]} d5 {[%clk 00:50:16]} {[%emt
00:00:04]} 2. c4 {[%clk 00:50:28]} {[%emt 00:00:01]} e6 {[%clk 00:50:23]}
{[%emt 00:00:05]} 3. g3 {[%clk 00:50:34]} {[%emt 00:00:02]} Nf6 {[%clk
00:50:30]} {[%emt 00:00:04]} 4. Bg2 {[%clk 00:50:40]} {[%emt 00:00:03]} Bb4+
{[%clk 00:50:37]} {[%emt 00:00:03]} 5. Nd2 {[%clk 00:50:44]} {[%emt 00:00:06]}
c6 {[%clk 00:50:20]} {[%emt 00:00:28]} 6. Qc2 {[%clk 00:50:16]} {[%emt
00:00:37]} O-O {[%clk 00:49:53]} {[%emt 00:00:38]} 7. Ngf3 {[%clk 00:50:14]}
{[%emt 00:00:12]} b6 {[%clk 00:49:44]} {[%emt 00:00:19]} 8. O-O {[%clk
00:50:02]} {[%emt 00:00:21]} Bb7 {[%clk 00:49:51]} {[%emt 00:00:03]} 9. a3
{[%clk 00:47:45]} {[%emt 00:02:27]} Be7 {[%clk 00:49:50]} {[%emt 00:00:11]} 10.
e4 {[%clk 00:47:09]} {[%emt 00:00:46]} dxe4 {[%clk 00:49:56]} {[%emt 00:00:04]}
11. Nxe4 {[%clk 00:47:14]} {[%emt 00:00:06]} Nbd7 {[%clk 00:49:14]} {[%emt
00:00:51]} 12. Nxf6+ {[%clk 00:45:50]} {[%emt 00:01:34]} Bxf6 {[%clk 00:45:48]}
{[%emt 00:03:36]} 13. Rd1 {[%clk 00:41:36]} {[%emt 00:04:24]} Qe7 {[%clk
00:44:33]} {[%emt 00:01:26]} 14. Bf4 {[%clk 00:40:14]} {[%emt 00:01:31]} Rac8
{[%clk 00:37:04]} {[%emt 00:07:40]} 15. Rac1 {[%clk 00:38:58]} {[%emt
00:01:25]} Rfe8 {[%clk 00:31:12]} {[%emt 00:06:02]} 16. Re1 {[%clk 00:35:29]}
{[%emt 00:03:39]} Ba8 {[%clk 00:24:19]} {[%emt 00:07:04]} 17. c5 {[%clk
00:33:25]} {[%emt 00:02:14]} bxc5 {[%clk 00:23:32]} {[%emt 00:00:57]} 18. dxc5
{[%clk 00:33:26]} {[%emt 00:00:09]} e5 {[%clk 00:23:23]} {[%emt 00:00:19]} 19.
h4 {[%clk 00:31:32]} {[%emt 00:02:04]} Qd8 {[%clk 00:22:40]} {[%emt 00:00:51]}
20. Bg5 {[%clk 00:30:36]} {[%emt 00:01:07]} Qc7 {[%clk 00:19:49]} {[%emt
00:03:02]} 21. Re2 {[%clk 00:21:49]} {[%emt 00:08:57]} Bb7 {[%clk 00:18:52]}
{[%emt 00:01:08]} 22. Bxf6 {[%clk 00:19:50]} {[%emt 00:02:08]} Nxf6 {[%clk
00:19:00]} {[%emt 00:00:02]} 23. Rce1 {[%clk 00:19:39]} {[%emt 00:00:20]} e4
{[%clk 00:18:35]} {[%emt 00:00:35]} 24. Ng5 {[%clk 00:18:41]} {[%emt 00:01:08]}
Ba6 {[%clk 00:18:19]} {[%emt 00:00:27]} 25. Re3 {[%clk 00:16:17]} {[%emt
00:02:34]} Bd3 {[%clk 00:18:06]} {[%emt 00:00:22]} 26. Qa4 {[%clk 00:14:41]}
{[%emt 00:01:46]} Nd5 {[%clk 00:15:16]} {[%emt 00:03:00]} 27. Nxe4 {[%clk
00:13:13]} {[%emt 00:01:38]} Nxe3 {[%clk 00:10:49]} {[%emt 00:04:37]} 28. Rxe3
{[%clk 00:13:21]} {[%emt 00:00:02]} Bxe4 {[%clk 00:10:42]} {[%emt 00:00:17]} 29.
Rxe4 {[%clk 00:12:07]} {[%emt 00:01:24]} Rxe4 {[%clk 00:10:46]} {[%emt
00:00:06]} 30. Qxe4 {[%clk 00:12:12]} {[%emt 00:00:05]} h6 {[%clk 00:10:41]}
{[%emt 00:00:15]} 31. Qa4 {[%clk 00:11:21]} {[%emt 00:01:00]} Qe7 {[%clk
00:10:08]} {[%emt 00:00:44]} 32. Qb4 {[%clk 00:08:25]} {[%emt 00:03:06]} Qe5
{[%clk 00:09:27]} {[%emt 00:00:51]} 33. Qb7 {[%clk 00:06:51]} {[%emt 00:01:45]}
Rc7 {[%clk 00:08:35]} {[%emt 00:01:02]} 34. Qb8+ {[%clk 00:06:12]} {[%emt
00:00:49]} Kh7 {[%clk 00:08:34]} {[%emt 00:00:10]} 35. Qb4 {[%clk 00:06:09]}
{[%emt 00:00:14]} Qe6 {[%clk 00:07:29]} {[%emt 00:01:15]} 36. Qc3 {[%clk
00:05:01]} {[%emt 00:01:18]} Rd7 {[%clk 00:06:41]} {[%emt 00:00:57]} 37. Bf3
{[%clk 00:04:04]} {[%emt 00:01:07]} Re7 {[%clk 00:05:33]} {[%emt 00:01:19]} 38.
Kg2 {[%clk 00:03:52]} {[%emt 00:00:21]} f5 {[%clk 00:04:48]} {[%emt 00:00:55]}
39. Qc2 {[%clk 00:03:33]} {[%emt 00:00:30]} Kh8 {[%clk 00:04:40]} {[%emt
00:00:18]} 40. Qa4 {[%clk 00:03:15]} {[%emt 00:00:28]} Rc7 {[%clk 00:04:08]}
{[%emt 00:00:42]} 41. Qf4 {[%clk 00:02:59]} {[%emt 00:00:25]} Rb7 {[%clk
00:04:06]} {[%emt 00:00:12]} 42. b4 {[%clk 00:02:38]} {[%emt 00:00:31]} Rf7
{[%clk 00:03:57]} {[%emt 00:00:17]} 43. Bh5 {[%clk 00:02:23]} {[%emt 00:00:28]}
Re7 {[%clk 00:03:51]} {[%emt 00:00:16]} 44. Bf3 {[%clk 00:02:24]} {[%emt
00:00:08]} Qf6 {[%clk 00:02:53]} {[%emt 00:01:08]} 45. Qb8+ {[%clk 00:01:26]}
{[%emt 00:01:08]} Kh7 {[%clk 00:03:01]} {[%emt 00:00:02]} 46. Qa8 {[%clk
00:01:03]} {[%emt 00:00:33]} Rc7 {[%clk 00:02:37]} {[%emt 00:00:35]} 47. Qe8
{[%clk 00:00:56]} {[%emt 00:00:16]} a5 {[%emt 00:01:35]} 48. bxa5 {[%clk
00:00:41]} Ra7 {[%clk 00:01:41]} {[%emt 00:00:06]} 49. Bxc6 {[%clk 00:00:23]}
{[%emt 00:00:28]} Rxa5 {[%clk 00:01:43]} {[%emt 00:00:08]} 50. Bd5 {[%clk
00:00:21]} {[%emt 00:00:10]} h5 {[%clk 00:00:46]} {[%emt 00:01:08]} 51. Qxh5+
{[%clk 00:00:22]} {[%emt 00:00:08]} Qh6 {[%clk 00:00:52]} {[%emt 00:00:05]} 52.
Qxf5+ {[%clk 00:00:25]} {[%emt 00:00:07]} Qg6 {[%clk 00:00:38]} {[%emt
00:00:24]} 53. Bg8+ {[%clk 00:00:24]} {[%emt 00:00:11]} Kh6 {[%clk 00:00:43]}
{[%emt 00:00:05]} 54. Qf4+ {[%clk 00:00:32]} {[%emt 00:00:03]} Kh5 {[%clk
00:00:49]} {[%emt 00:00:03]} 55. Bf7 {[%clk 00:00:41]} {[%emt 00:00:01]} 1-0

[Event "English Schools Championship Final 2024"]
[Site "Nottingham University Kings Meadow Campus, United Kingdom"]
[Date "2024.06.28"]
[Round "4.44"]
[White "Agrawal, Ansh"]
[Black "Chen, Daniel Xingyu"]
[Result "1/2-1/2"]
[TimeControl "G50' + 10\" per move."]
[WhiteFideId "473634"]
[BlackFideId "469149"]
[WhiteElo "1589"]
[BlackElo "1845"]

1. e4 {[%clk 00:50:17]} {[%emt 00:00:04]} c5 {[%clk 00:50:17]} {[%emt
00:00:01]} 2. Nf3 {[%clk 00:50:22]} {[%emt 00:00:06]} Nc6 {[%clk 00:50:22]}
{[%emt 00:00:04]} 3. c3 {[%clk 00:50:27]} {[%emt 00:00:05]} d5 {[%clk
00:50:19]} {[%emt 00:00:14]} 4. exd5 {[%clk 00:50:17]} {[%emt 00:00:20]} Qxd5
{[%clk 00:50:24]} {[%emt 00:00:05]} 5. Na3 {[%clk 00:50:21]} {[%emt 00:00:06]}
Bg4 {[%clk 00:49:03]} {[%emt 00:01:31]} 6. Be2 {[%clk 00:49:25]} {[%emt
00:01:06]} Nf6 {[%clk 00:47:59]} {[%emt 00:01:14]} 7. Nc2 {[%clk 00:48:12]}
{[%emt 00:01:23]} e6 {[%clk 00:44:02]} {[%emt 00:04:07]} 8. Ne3 {[%clk
00:47:51]} {[%emt 00:00:31]} Qd7 {[%clk 00:43:54]} {[%emt 00:00:17]} 9. Nxg4
{[%clk 00:47:14]} {[%emt 00:00:48]} Nxg4 {[%clk 00:43:58]} {[%emt 00:00:06]} 10.
h3 {[%clk 00:46:52]} {[%emt 00:00:32]} Nge5 {[%clk 00:39:59]} {[%emt 00:04:09]}
11. Nxe5 {[%clk 00:43:15]} {[%emt 00:03:47]} Nxe5 {[%clk 00:40:01]} {[%emt
00:00:07]} 12. d4 {[%clk 00:42:07]} {[%emt 00:01:18]} cxd4 {[%clk 00:39:52]}
{[%emt 00:00:19]} 13. cxd4 {[%clk 00:42:13]} {[%emt 00:00:04]} Nc6 {[%clk
00:39:44]} {[%emt 00:00:18]} 14. O-O {[%clk 00:38:55]} {[%emt 00:03:28]} Qxd4
{[%clk 00:26:40]} {[%emt 00:13:14]} 15. Qc2 {[%clk 00:37:20]} {[%emt 00:01:46]}
Bd6 {[%clk 00:24:45]} {[%emt 00:02:05]} 16. Be3 {[%clk 00:34:46]} {[%emt
00:02:44]} Qe5 {[%clk 00:24:37]} {[%emt 00:00:17]} 17. g3 {[%clk 00:34:38]}
{[%emt 00:00:18]} Qf6 {[%clk 00:20:07]} {[%emt 00:04:40]} 18. Rad1 {[%clk
00:33:56]} {[%emt 00:00:52]} Qe7 {[%clk 00:19:49]} {[%emt 00:00:28]} 19. Bf3
{[%clk 00:31:31]} {[%emt 00:02:32]} Rc8 {[%clk 00:18:05]} {[%emt 00:01:58]} 20.
Qa4 {[%clk 00:30:15]} {[%emt 00:01:25]} a6 {[%clk 00:16:45]} {[%emt 00:01:31]}
21. Rc1 {[%clk 00:29:40]} {[%emt 00:00:44]} O-O {[%clk 00:08:40]} {[%emt
00:08:16]} 22. Bxc6 {[%clk 00:29:28]} {[%emt 00:00:21]} Rxc6 {[%clk 00:07:27]}
{[%emt 00:01:23]} 23. Rxc6 {[%clk 00:29:32]} {[%emt 00:00:06]} bxc6 {[%clk
00:07:32]} {[%emt 00:00:06]} 24. Qxc6 {[%clk 00:29:33]} {[%emt 00:00:09]} Rb8
{[%clk 00:05:26]} {[%emt 00:02:15]} 25. Qxa6 {[%clk 00:27:18]} {[%emt
00:02:25]} Rxb2 {[%clk 00:05:28]} {[%emt 00:00:08]} 26. Rc1 {[%clk 00:27:03]}
{[%emt 00:00:26]} h6 {[%clk 00:04:29]} {[%emt 00:01:09]} 27. Rc8+ {[%clk
00:26:34]} {[%emt 00:00:39]} Kh7 {[%clk 00:04:32]} {[%emt 00:00:07]} 28. Qd3+
{[%clk 00:26:38]} {[%emt 00:00:05]} f5 {[%clk 00:04:22]} {[%emt 00:00:21]} 29.
Rc2 {[%clk 00:18:54]} {[%emt 00:07:53]} Rb1+ {[%clk 00:03:35]} {[%emt
00:00:57]} 30. Rc1 {[%clk 00:18:51]} {[%emt 00:00:14]} Rxc1+ {[%clk 00:03:43]}
{[%emt 00:00:02]} 31. Bxc1 {[%clk 00:18:53]} {[%emt 00:00:07]} Bc5 {[%clk
00:03:04]} {[%emt 00:00:48]} 32. Qc2 {[%clk 00:17:24]} {[%emt 00:01:40]} Qd6
{[%clk 00:02:41]} {[%emt 00:00:31]} 33. Bf4 {[%clk 00:17:17]} {[%emt 00:00:19]}
Qb6 {[%clk 00:02:48]} {[%emt 00:00:02]} 34. a4 {[%clk 00:16:03]} {[%emt
00:01:25]} Bd4 {[%clk 00:02:19]} {[%emt 00:00:39]} 35. h4 {[%clk 00:15:47]}
{[%emt 00:00:27]} Bc5 {[%clk 00:02:18]} {[%emt 00:00:11]} 36. Qa2 {[%clk
00:15:13]} {[%emt 00:00:44]} Qa6 {[%clk 00:01:33]} {[%emt 00:00:51]} 37. Qb3
{[%clk 00:14:26]} {[%emt 00:00:59]} Qe2 {[%clk 00:00:53]} {[%emt 00:00:50]} 38.
Be3 {[%clk 00:13:15]} {[%emt 00:01:23]} Bxe3 {[%clk 00:01:00]} {[%emt
00:00:03]} 39. Qxe3 {[%clk 00:13:18]} {[%emt 00:00:07]} Qd1+ {[%clk 00:01:04]}
{[%emt 00:00:06]} 40. Kg2 {[%clk 00:13:11]} {[%emt 00:00:14]} Qxa4 {[%clk
00:01:06]} {[%emt 00:00:09]} 41. Qxe6 {[%clk 00:12:59]} {[%emt 00:00:24]} Qc2
{[%clk 00:01:10]} {[%emt 00:00:06]} 42. g4 {[%clk 00:12:31]} {[%emt 00:00:38]}
fxg4 {[%clk 00:00:33]} {[%emt 00:00:47]} 43. Qxg4 {[%clk 00:12:36]} {[%emt
00:00:05]} Qc6+ {[%clk 00:00:39]} {[%emt 00:00:04]} 44. Kf1 {[%clk 00:11:17]}
{[%emt 00:01:26]} Qc1+ {[%clk 00:00:43]} {[%emt 00:00:08]} 45. Ke2 {[%clk
00:11:12]} {[%emt 00:00:16]} Qc2+ {[%clk 00:00:41]} {[%emt 00:00:10]} 46. Kf1
{[%clk 00:10:45]} {[%emt 00:00:39]} Qg6 {[%clk 00:00:38]} {[%emt 00:00:13]} 47.
Qf4 {[%clk 00:10:43]} {[%emt 00:00:12]} Qa6+ {[%clk 00:00:39]} {[%emt
00:00:08]} 48. Kg2 {[%clk 00:10:45]} {[%emt 00:00:09]} Qc6+ {[%clk 00:00:39]}
{[%emt 00:00:09]} 49. Kg3 {[%clk 00:10:39]} {[%emt 00:00:16]} Qg6+ {[%clk
00:00:37]} {[%emt 00:00:12]} 50. Kh2 {[%clk 00:10:45]} {[%emt 00:00:05]} Qc2
{[%clk 00:00:39]} {[%emt 00:00:06]} 51. Kg2 {[%clk 00:10:46]} {[%emt 00:00:11]}
Qc6+ {[%clk 00:00:32]} {[%emt 00:00:17]} 52. f3 {[%clk 00:10:34]} {[%emt
00:00:21]} Qc2+ {[%clk 00:00:38]} {[%emt 00:00:04]} 53. Kg3 {[%clk 00:10:42]}
{[%emt 00:00:02]} Qg6+ {[%clk 00:00:45]} {[%emt 00:00:02]} 54. Kf2 {[%clk
00:10:45]} {[%emt 00:00:09]} Qb6+ {[%clk 00:00:49]} {[%emt 00:00:05]} 55. Kg2
{[%clk 00:10:42]} {[%emt 00:00:14]} Qb2+ {[%clk 00:00:52]} {[%emt 00:00:07]} 56.
Kg3 {[%clk 00:10:21]} {[%emt 00:00:31]} Qb6 {[%clk 00:00:55]} {[%emt 00:00:06]}
1/2-1/2